[Event "Nordisk Mesterskab Ungdom U11 2026"]
[Site "Fredericia"]
[Date "2026.02.14"]
[Round "4.1"]
[White "Bae, Anton"]
[Black "Mortensen, Michael"]
[Result "0-1"]
[WhiteElo "1736"]
[BlackElo "2158"]
[WhiteFideId "1580230"]
[BlackFideId "1580515"]
[EventDate "2026.02.13"]
[EventType "swiss"]
[EventRounds "6"]
[EventCountry "DEN"]
[SourceTitle "Live v. Fredericia Chess Club"]

1. e4 c5 2. Nf3 e6 3. b3 Nc6 4. Bb2 a6 5. c4 Qc7 6. Nc3 Nf6 7. d3 Be7 8. g3 O-O 9. Bg2 Rd8 10. d4 d5 11. e5 Ne4 12. Qe2 Nxc3 13. Bxc3 dxc4 14. dxc5 cxb3 15. axb3 Bxc5 16. Ng5 h6 17. Nf3 Ne7 18. O-O Nd5 19. Rac1 Nxc3 20. Rxc3 Bxf2+ 21. Qxf2 Qxc3 22. Ng5 Qd4 23. Nxf7 Qxf2+ 24. Rxf2 Rd1+ 25. Bf1 Bd7 26. Nd6 Rf8 27. Rxf8+ Kxf8 28. Kf2 Bc6 29. Bh3 Bd5 30. Ke3 Rb1 31. Kd4 Rxb3 32. Kc5 b6+ 33. Kd4 Rb2 34. Nc8 a5 35. Kc3 Rb3+ 36. Kc2 a4 37. Nd6 a3 38. Bg2 a2 39. Bxd5 exd5 40. Kxb3 a1=Q 41. e6 Qe5 42. e7+ Qxe7 0-1

[Event "Nordisk Mesterskab Ungdom U11 2026"]
[Site "Fredericia"]
[Date "2026.02.14"]
[Round "4.2"]
[White "Elnegaard , Tristan Lund"]
[Black "Olivemark, Georg"]
[Result "1-0"]
[WhiteElo "1964"]
[BlackElo "1599"]
[WhiteFideId "1480707"]
[BlackFideId "1795058"]
[EventDate "2026.02.13"]
[EventType "swiss"]
[EventRounds "6"]
[EventCountry "DEN"]
[SourceTitle "Live v. Fredericia Chess Club"]

1. e4 e5 2. Nf3 Nc6 3. d4 exd4 4. Bc4 Nf6 5. O-O Nxe4 6. Re1 d5 7. Bxd5 Qxd5 8. Nc3 Qh5 9. Nxe4 Be6 10. Bg5 Bd6 11. Nxd6+ cxd6 12. Bf4 Qd5 13. c3 O-O 14. Nxd4 Nxd4 15. Qxd4 Qxd4 16. cxd4 d5 17. Rac1 Rac8 18. Bc7 Bd7 19. Re3 Bc6 20. Be5 Rfe8 21. Rg3 g6 22. h4 h5 23. Rcc3 Re6 24. b4 Kh7 25. b5 Bd7 26. Rxc8 Bxc8 27. Rc3 Bd7 28. Rc7 Be8 29. Rxb7 Rb6 30. Rxa7 Bxb5 31. Rxf7+ Kg8 32. Rg7+ Kf8 33. Ra7 Ra6 34. Rb7 Bc4 35. a3 Rxa3 36. Bd6+ 1-0

[Event "Nordisk Mesterskab Ungdom U11 2026"]
[Site "Fredericia"]
[Date "2026.02.14"]
[Round "4.3"]
[White "Sverrisson, Dagur"]
[Black "Zuikov, Andrei"]
[Result "0-1"]
[WhiteElo "1576"]
[BlackElo "1465"]
[WhiteFideId "2326175"]
[BlackFideId "525286"]
[EventDate "2026.02.13"]
[EventType "swiss"]
[EventRounds "6"]
[EventCountry "DEN"]
[SourceTitle "Live v. Fredericia Chess Club"]

1. e4 e5 2. Nf3 Nc6 3. Bc4 Nf6 4. Ng5 d5 5. exd5 Na5 6. Bb5+ c6 7. dxc6 bxc6 8. Bd3 h6 9. Ne4 Be7 10. O-O O-O 11. Qf3 Be6 12. Nxf6+ Bxf6 13. Qe4 g6 14. b4 Nb7 15. Qxc6 Bd5 16. Qb5 e4 17. Bxe4 Bxe4 18. Nc3 a6 19. Qc4 Bxc2 20. Qc6 Nd6 21. Bb2 Bd4 22. Rac1 Bd3 23. Rfe1 Qf6 24. Nd1 Rfe8 25. Re3 Bxb2 26. Nxb2 Qxb2 27. h3 Rec8 28. Qxd6 Qxc1+ 29. Kh2 Bb5 30. Qd5 Qc6 31. Qb3 Qd6+ 32. Rg3 h5 33. Kh1 Rc1+ 34. Kh2 h4 35. Qf3 hxg3+ 36. fxg3 Re8 37. Qf4 Ree1 38. Qxd6 Rh1# 0-1

[Event "Nordisk Mesterskab Ungdom U11 2026"]
[Site "Fredericia"]
[Date "2026.02.14"]
[Round "4.4"]
[White "Ernisson, Petur Ulfar"]
[Black "Xin, Andrew M"]
[Result "1-0"]
[WhiteElo "1682"]
[BlackElo "1680"]
[WhiteFideId "2326116"]
[BlackFideId "7205309"]
[EventDate "2026.02.13"]
[EventType "swiss"]
[EventRounds "6"]
[EventCountry "DEN"]
[SourceTitle "Live v. Fredericia Chess Club"]

1. e4 e6 2. d4 d5 3. e5 c5 4. c3 Nc6 5. Nf3 Qb6 6. Bd3 Bd7 7. dxc5 Bxc5 8. O-O a5 9. a4 Nge7 10. Nbd2 Ng6 11. Qe1 Qc7 12. Nb3 Bb6 13. Bxg6 hxg6 14. Nbd4 Nxd4 15. cxd4 Qc4 16. b3 Qxb3 17. Be3 Qc4 18. Qd2 Qc7 19. Rfc1 Qd8 20. Bg5 f6 21. Qd3 fxg5 22. Qxg6+ Kf8 23. Nxg5 Qe7 24. Rc3 Kg8 25. Rh3 Rxh3 26. gxh3 Qe8 27. Qh7+ Kf8 28. Rc1 Rc8 29. Qh8+ Ke7 30. Qxg7+ Kd8 31. Qf6+ Qe7 32. Nf7+ Ke8 33. Nd6+ Kd8 34. Qh8+ Be8 35. Rxc8+ Kd7 36. Qxe8+ Qxe8 37. Rxe8 Bxd4 38. Rg8 Bxe5 39. Nxb7 Bc7 40. Nc5+ Kd6 41. Nd3 e5 42. Rg6+ Ke7 43. Rg7+ Kd6 44. Nxe5 Kxe5 45. Rxc7 d4 46. Rd7 Ke4 47. h4 d3 48. h5 d2 49. h6 d1=Q+ 50. Rxd1 Kf5 51. h7 Ke6 52. h8=Q Ke7 53. Qe5+ Kf8 54. Qc7 Ke8 55. Rd8# 1-0

[Event "Nordisk Mesterskab Ungdom U11 2026"]
[Site "Fredericia"]
[Date "2026.02.14"]
[Round "4.5"]
[White "Nguyen, Theo Duc Huu"]
[Black "Lark, David"]
[Result "1-0"]
[WhiteElo "1641"]
[BlackElo "1563"]
[WhiteFideId "1487477"]
[BlackFideId "1790013"]
[EventDate "2026.02.13"]
[EventType "swiss"]
[EventRounds "6"]
[EventCountry "DEN"]
[SourceTitle "Live v. Fredericia Chess Club"]

1. e4 c5 2. Nf3 Nc6 3. d4 cxd4 4. Nxd4 e5 5. Nxc6 bxc6 6. Bc4 Nf6 7. Bg5 Be7 8. Bxf6 Bxf6 9. O-O O-O 10. Nc3 Qb6 11. Bb3 Bb7 12. Qxd7 Rad8 13. Qg4 Rd2 14. Rad1 Rfd8 15. Qg3 Ba6 16. Rxd2 Rd6 17. Rd3 Rxd3 18. Rd1 Rxd1+ 19. Nxd1 Qd4 20. Nc3 Qd2 21. Qe3 Qxe3 22. fxe3 Bg5 23. Kf2 Kf8 24. a3 Ke7 25. Ba2 f6 26. Na4 Bb5 27. Nc5 Kd6 28. b4 a5 29. c4 axb4 30. axb4 Bxc4 31. Bxc4 Kc7 32. Ne6+ Kb6 33. Nxg5 fxg5 34. Kg3 c5 35. bxc5+ Kxc5 36. Bd5 h5 37. Bf7 Kb4 38. Bxh5 Kc3 39. Kg4 Kd3 40. Kxg5 Kxe4 41. Bf3+ Kxe3 42. Kf5 g6+ 43. Kxg6 Kf4 44. h4 e4 45. Bxe4 Kg3 46. h5 Kf2 47. h6 Kf1 48. h7 Kf2 49. h8=Q Kg1 50. Bd3 Kf2 51. Qe5 Kg1 52. Qe2 Kh2 53. Bf5 Kh1 54. Kg5 Kh2 55. Kh4 Kg1 56. Kg3 Kh1 57. Qf1# 1-0

[Event "Nordisk Mesterskab Ungdom U11 2026"]
[Site "Fredericia"]
[Date "2026.02.14"]
[Round "4.6"]
[White "Zaretckii, Roman"]
[Black "Le, Alvin Ankaer"]
[Result "1-0"]
[WhiteElo "1562"]
[BlackElo "1527"]
[WhiteFideId "519359"]
[BlackFideId "1488732"]
[EventDate "2026.02.13"]
[EventType "swiss"]
[EventRounds "6"]
[EventCountry "DEN"]
[SourceTitle "Live v. Fredericia Chess Club"]

1. e4 c6 2. d4 d5 3. exd5 cxd5 4. c4 Nf6 5. Nc3 Nc6 6. Nf3 Bg4 7. cxd5 Nxd5 8. Qb3 Bxf3 9. gxf3 Nxc3 10. bxc3 Rb8 11. d5 Ne5 12. Bf4 Qd6 13. Qa4+ Kd8 14. Qe4 f6 15. Be2 Qc7 16. Bd2 Rc8 17. O-O Nc4 18. Bf4 Qc5 19. h4 Nd6 20. Qe6 Ke8 21. Bxd6 Qxd6 22. Qxc8+ Kf7 23. Qe6+ Ke8 24. Bb5+ Kd8 25. Qxd6+ exd6 26. Rfe1 a6 27. Re8+ Kc7 28. Bd3 Kd7 29. Rae1 g5 30. h5 h6 31. Bf5+ Kc7 32. Ra8 Rg8 33. Ree8 g4 34. fxg4 Rg7 35. Rxf8 Re7 36. Rae8 Rg7 37. Rxf6 b5 38. Rfe6 Rg5 39. R6e7+ Kb6 40. f4 Rxf5 41. gxf5 Kc5 42. Rc8+ Kb6 43. f6 Ka5 44. Ra7 b4 45. cxb4+ Kxb4 46. Rxa6 Kb5 47. Ra7 Kb6 48. f7 Kxa7 49. Rc6 Kb7 50. f8=Q Ka7 51. Qe7+ Kb8 52. Qd8+ Kb7 53. Qc8+ Ka7 54. Ra6# 1-0

[Event "Nordisk Mesterskab Ungdom U11 2026"]
[Site "Fredericia"]
[Date "2026.02.14"]
[Round "4.7"]
[White "Danielsen, John Berg"]
[Black "Fleischer, Sofie Emilie Jilso"]
[Result "1-0"]
[WhiteElo "1400"]
[BlackElo "1400"]
[WhiteFideId "7206712"]
[BlackFideId "1487655"]
[EventDate "2026.02.13"]
[EventType "swiss"]
[EventRounds "6"]
[EventCountry "DEN"]
[SourceTitle "Live v. Fredericia Chess Club"]

1. e4 e5 2. Qh5 Nf6 3. Qxe5+ Be7 4. Bc4 Rf8 5. Nc3 Ng4 6. Qxg7 Nc6 7. Nf3 Nf6 8. Ng5 d6 9. Bxf7+ Rxf7 10. Qxf7+ Kd7 11. Nd5 Nb4 12. Ne6 Kc6 13. Nxd8+ Kb5 14. a4+ Ka6 15. Nxb4+ Kb6 16. d3 Ka5 17. Qc4 Kb6 18. Qb5# 1-0

[Event "Nordisk Mesterskab Ungdom U11 2026"]
[Site "Fredericia"]
[Date "2026.02.15"]
[Round "5.1"]
[White "Zuikov, Andrei"]
[Black "Elnegaard , Tristan Lund"]
[Result "0-1"]
[WhiteElo "1465"]
[BlackElo "1964"]
[WhiteFideId "525286"]
[BlackFideId "1480707"]
[EventDate "2026.02.13"]
[EventType "swiss"]
[EventRounds "6"]
[EventCountry "DEN"]
[SourceTitle "Live v. Fredericia Chess Club"]

1. e4 e6 2. Nf3 d5 3. e5 c5 4. b4 cxb4 5. a3 Qa5 6. d4 Bd7 7. Bd2 Nc6 8. c3 bxa3 9. c4 Bb4 10. Nxa3 Bxd2+ 11. Nxd2 Nxd4 12. Nb5 Nc2+ 13. Ke2 Nxa1 14. Nd6+ Kf8 15. Qb1 Bc6 16. Qd3 dxc4 17. N2xc4 Qd5 18. Qc3 Ne7 19. Qxa1 Nf5 20. f4 Qc5 21. Ke1 b5 22. Nxf5 exf5 23. Nd6 Qe3+ 24. Kd1 Bd5 25. Be2 Qb3+ 26. Ke1 Qb4+ 27. Kd1 Bb3+ 28. Kc1 Qc5+ 29. Kd2 Qb4+ 30. Kc1 Qxf4+ 31. Kb1 Qd2 32. Qa3 Qc2+ 33. Ka1 Qc3+ 34. Kb1 b4 35. Qa6 Bc2+ 36. Ka2 b3+ 0-1

[Event "Nordisk Mesterskab Ungdom U11 2026"]
[Site "Fredericia"]
[Date "2026.02.15"]
[Round "5.2"]
[White "Mortensen, Michael"]
[Black "Nguyen, Theo Duc Huu"]
[Result "1-0"]
[WhiteElo "2158"]
[BlackElo "1641"]
[WhiteFideId "1580515"]
[BlackFideId "1487477"]
[EventDate "2026.02.13"]
[EventType "swiss"]
[EventRounds "6"]
[EventCountry "DEN"]
[SourceTitle "Live v. Fredericia Chess Club"]

1. d4 Nf6 2. c4 e6 3. Nf3 Bb4+ 4. Nbd2 d5 5. Qa4+ Nc6 6. a3 Bxd2+ 7. Bxd2 dxc4 8. Qxc4 Qd5 9. Rc1 Qxc4 10. Rxc4 Bd7 11. g3 O-O-O 12. Bg2 h6 13. O-O Ne4 14. Be1 Nd6 15. Rc1 Nf5 16. e3 Nfe7 17. Bd2 f6 18. Rfe1 Rhe8 19. b3 g5 20. Bc3 Nd5 21. Bb2 f5 22. Nd2 Nb6 23. Nc4 Nd5 24. b4 Nb6 25. b5 Ne7 26. Nd6+ Kb8 27. Nxe8 Rxe8 28. Bf1 c6 29. bxc6 Bxc6 30. Bc3 Nec8 31. Bb4 Na8 32. Bg2 Bxg2 33. Kxg2 Nc7 34. e4 Rd8 35. d5 exd5 36. exf5 Re8 37. f6 Ne6 38. f7 Rf8 39. Rxe6 Rxf7 40. Re8 Rc7 41. Bd6 Ka8 42. Rxc8+ 1-0

[Event "Nordisk Mesterskab Ungdom U11 2026"]
[Site "Fredericia"]
[Date "2026.02.15"]
[Round "5.3"]
[White "Sverrisson, Dagur"]
[Black "Ernisson, Petur Ulfar"]
[Result "0-1"]
[WhiteElo "1576"]
[BlackElo "1682"]
[WhiteFideId "2326175"]
[BlackFideId "2326116"]
[EventDate "2026.02.13"]
[EventType "swiss"]
[EventRounds "6"]
[EventCountry "DEN"]
[SourceTitle "Live v. Fredericia Chess Club"]

1. d4 Nf6 2. Nc3 d5 3. Bf4 e6 4. e3 Bb4 5. Qd2 Nbd7 6. Bd3 c5 7. a3 Ba5 8. dxc5 Nxc5 9. Bb5+ Bd7 10. b4 Nce4 11. Bxd7+ Qxd7 12. Nxe4 Nxe4 13. Qd4 Bc7 14. Qxg7 O-O-O 15. Qh6 Qc6 16. Nf3 Qc3+ 17. Ke2 Qxc2+ 18. Ke1 Qxf2+ 19. Kd1 Qb2 20. Rc1 Nf2+ 21. Ke1 Nd3+ 22. Kd1 Qxc1+ 23. Ke2 Nxf4+ 24. Qxf4 Qc2+ 0-1

[Event "Nordisk Mesterskab Ungdom U11 2026"]
[Site "Fredericia"]
[Date "2026.02.15"]
[Round "5.4"]
[White "Olivemark, Georg"]
[Black "Bae, Anton"]
[Result "0-1"]
[WhiteElo "1599"]
[BlackElo "1736"]
[WhiteFideId "1795058"]
[BlackFideId "1580230"]
[EventDate "2026.02.13"]
[EventType "swiss"]
[EventRounds "6"]
[EventCountry "DEN"]
[SourceTitle "Live v. Fredericia Chess Club"]

1. e4 c5 2. Nc3 a6 3. Nf3 b5 4. a3 e6 5. d4 cxd4 6. Qxd4 Nc6 7. Qd1 Qc7 8. Bd3 Nf6 9. O-O Bb7 10. Re1 d6 11. Bf4 Nh5 12. Be3 Be7 13. Nd4 Nf6 14. Qd2 O-O 15. Nxc6 Bxc6 16. Bd4 Nd7 17. b4 Nb6 18. Bxb6 Qxb6 19. Qe3 Qxe3 20. Rxe3 Bf6 21. Be2 Bxe4 22. Rxe4 Bxc3 23. Rd1 d5 24. Re3 Bf6 25. Rh3 g6 26. Rhd3 Rac8 27. c3 Bxc3 28. Rc1 Bf6 29. Rxc8 Rxc8 30. Kf1 Rc3 31. Rxc3 Bxc3 32. a4 bxa4 33. Bd1 a3 34. Bb3 Bxb4 35. Ke2 Kg7 36. g4 Kf6 37. f4 g5 38. f5 Ke5 39. fxe6 fxe6 40. Kd3 Kf4 41. h3 Kg3 42. Kc2 Kxh3 0-1

[Event "Nordisk Mesterskab Ungdom U11 2026"]
[Site "Fredericia"]
[Date "2026.02.15"]
[Round "5.5"]
[White "Xin, Andrew M"]
[Black "Zaretckii, Roman"]
[Result "0-1"]
[WhiteElo "1680"]
[BlackElo "1562"]
[WhiteFideId "7205309"]
[BlackFideId "519359"]
[EventDate "2026.02.13"]
[EventType "swiss"]
[EventRounds "6"]
[EventCountry "DEN"]
[SourceTitle "Live v. Fredericia Chess Club"]

1. d4 d6 2. Nf3 Nf6 3. e3 c6 4. Bd3 Qa5+ 5. Nbd2 e5 6. O-O Be7 7. Nc4 Qc7 8. dxe5 dxe5 9. Ncxe5 b5 10. Be2 O-O 11. c4 Bd6 12. Nd3 bxc4 13. Nf4 Rd8 14. Qc2 Re8 15. Bxc4 Nbd7 16. Rd1 Bb7 17. Nh3 h6 18. Qg6 Re7 19. e4 Nf8 20. Qf5 Bc8 21. Bf4 Bxf5 22. Bxd6 Qb7 23. Bxe7 Bxh3 24. Bxf8 Bxg2 25. Bxg7 Bxf3 26. Bxf6 Bxd1 27. Rxd1 Re8 28. b3 Qc8 29. Rd3 Kh7 30. Bxf7 Rf8 31. e5 Rxf7 32. Rg3 Qf5 33. a4 c5 34. Re3 Rxf6 35. exf6 Qxf6 36. Kg2 Qf7 37. Kg1 a6 38. Kg2 Qd5+ 39. Kg3 c4 40. bxc4 Qxc4 41. Ra3 h5 42. h3 Qb4 43. Ra1 Qc3+ 44. Kh4 Qxa1 45. Kxh5 Qxa4 46. h4 Qf4 47. f3 Qf5# 0-1

[Event "Nordisk Mesterskab Ungdom U11 2026"]
[Site "Fredericia"]
[Date "2026.02.15"]
[Round "5.6"]
[White "Le, Alvin Ankaer"]
[Black "Danielsen, John Berg"]
[Result "1-0"]
[WhiteElo "1527"]
[BlackElo "1400"]
[WhiteFideId "1488732"]
[BlackFideId "7206712"]
[EventDate "2026.02.13"]
[EventType "swiss"]
[EventRounds "6"]
[EventCountry "DEN"]
[SourceTitle "Live v. Fredericia Chess Club"]

1. d4 d5 2. c4 e6 3. Nf3 dxc4 4. e3 Bb4+ 5. Nc3 Nc6 6. Bxc4 a6 7. O-O Nf6 8. Bd2 O-O 9. Qc2 Re8 10. a3 Bd6 11. e4 e5 12. Qb3 Be6 13. d5 Na5 14. Qa2 Nxc4 15. Qxc4 Bd7 16. Rfd1 Rb8 17. Be3 b5 18. Qe2 Rb7 19. b4 Ng4 20. Bc5 Qf6 21. h3 Nh6 22. Bxd6 cxd6 23. Rdc1 Qg6 24. Kh1 Rc7 25. Qe3 Rc4 26. Nd2 Rc7 27. Qb6 Rec8 28. a4 Rxc3 29. Rxc3 f6 30. Rxc8+ Bxc8 31. Qd8+ Kf7 32. Qxc8 f5 33. exf5 Nxf5 34. Qe6+ Qxe6 35. dxe6+ Kxe6 36. axb5 axb5 37. Ra5 Nd4 38. Nf3 Nc6 39. Rxb5 Na7 40. Rb7 Nc6 41. b5 Nd8 42. Rxg7 Kd5 43. Rd7 Ne6 44. b6 Nc5 45. Rc7 Na6 46. b7 Nxc7 47. b8=Q Ne6 48. Qb5+ Nc5 49. Nd2 Ke6 50. Nb3 Nxb3 51. Qxb3+ Kd7 52. Kh2 Ke7 53. Kg3 Kd8 54. Qb7 h5 55. Kh4 d5 56. Kg5 d4 57. Kf6 d3 58. Ke6 d2 59. Qd7# 1-0

[Event "Nordisk Mesterskab Ungdom U11 2026"]
[Site "Fredericia"]
[Date "2026.02.15"]
[Round "5.7"]
[White "Lark, David"]
[Black "Fleischer, Sofie Emilie Jilso"]
[Result "1-0"]
[WhiteElo "1563"]
[BlackElo "1400"]
[WhiteFideId "1790013"]
[BlackFideId "1487655"]
[EventDate "2026.02.13"]
[EventType "swiss"]
[EventRounds "6"]
[EventCountry "DEN"]
[SourceTitle "Live v. Fredericia Chess Club"]

1. e4 c6 2. d4 d5 3. exd5 cxd5 4. Nc3 Nf6 5. Bb5+ Nbd7 6. Bf4 e6 7. Nf3 g6 8. Ne5 Bg7 9. Qf3 O-O 10. Bg5 Nb6 11. Ng4 Qc7 12. Nxf6+ Kh8 13. Qh3 Bh6 14. Qxh6 Rd8 15. Qxh7# 1-0

[Event "Nordisk Mesterskab Ungdom U11 2026"]
[Site "Fredericia"]
[Date "2026.02.15"]
[Round "6.1"]
[White "Elnegaard , Tristan Lund"]
[Black "Ernisson, Petur Ulfar"]
[Result "1/2-1/2"]
[WhiteElo "1964"]
[BlackElo "1682"]
[WhiteFideId "1480707"]
[BlackFideId "2326116"]
[EventDate "2026.02.13"]
[EventType "swiss"]
[EventRounds "6"]
[EventCountry "DEN"]
[SourceTitle "Live v. Fredericia Chess Club"]

1. e4 c5 2. Nf3 d6 3. d4 cxd4 4. Nxd4 Nf6 5. Nc3 g6 6. Be3 Bg7 7. f3 O-O 8. Qd2 Nc6 9. O-O-O d5 10. exd5 Nxd5 11. Nxc6 bxc6 12. Bd4 e5 13. Bc5 Rb8 14. Ne4 f5 15. Ng5 e4 16. c3 Qa5 17. Bxf8 Qxa2 18. Ba3 Bxc3 19. Qc2 Be5 20. g3 Nc3 21. Rd8+ Kg7 22. Bf8+ Kf6 23. Nxh7+ Kf7 24. Ng5+ Kf6 25. Nh7+ 1/2-1/2

[Event "Nordisk Mesterskab Ungdom U11 2026"]
[Site "Fredericia"]
[Date "2026.02.15"]
[Round "6.2"]
[White "Zaretckii, Roman"]
[Black "Mortensen, Michael"]
[Result "0-1"]
[WhiteElo "1562"]
[BlackElo "2158"]
[WhiteFideId "519359"]
[BlackFideId "1580515"]
[EventDate "2026.02.13"]
[EventType "swiss"]
[EventRounds "6"]
[EventCountry "DEN"]
[SourceTitle "Live v. Fredericia Chess Club"]

1. e4 c5 2. Ne2 e6 3. Nbc3 Nc6 4. d4 cxd4 5. Nxd4 Qc7 6. a3 a6 7. Be3 b5 8. f4 Bb7 9. Be2 Nxd4 10. Qxd4 Ne7 11. O-O d5 12. exd5 Bxd5 13. f5 Rd8 14. f6 Bxg2 15. fxg7 Rg8 16. Nxb5 axb5 17. Bxb5+ Bc6 18. Qc5 Rxg7+ 19. Kf2 Rg2+ 20. Ke1 Qa5+ 21. b4 Qxb5 22. Qxb5 Bxb5 23. Bf2 Bg7 0-1

[Event "Nordisk Mesterskab Ungdom U11 2026"]
[Site "Fredericia"]
[Date "2026.02.15"]
[Round "6.3"]
[White "Bae, Anton"]
[Black "Zuikov, Andrei"]
[Result "1-0"]
[WhiteElo "1736"]
[BlackElo "1465"]
[WhiteFideId "1580230"]
[BlackFideId "525286"]
[EventDate "2026.02.13"]
[EventType "swiss"]
[EventRounds "6"]
[EventCountry "DEN"]
[SourceTitle "Live v. Fredericia Chess Club"]

1. e4 e5 2. Nf3 Nc6 3. Bc4 Nf6 4. d3 Be7 5. Nbd2 d6 6. O-O O-O 7. a4 a5 8. c3 Be6 9. Qb3 Qd7 10. Ng5 Bxc4 11. Nxc4 h6 12. Nf3 Nh5 13. Qd1 Qg4 14. Ne3 Qg6 15. Nf5 Nf6 16. Re1 Nd7 17. N3h4 Bxh4 18. Nxh4 Qf6 19. Qg4 Nc5 20. Re3 g5 21. Rf3 Qe6 22. Nf5 Nb3 23. Rh3 Ne7 24. Bxg5 Ng6 25. Nxh6+ Kg7 26. Nf5+ Kg8 27. Qh5 Rfe8 28. Qh7+ Kf8 29. Bh6# 1-0

[Event "Nordisk Mesterskab Ungdom U11 2026"]
[Site "Fredericia"]
[Date "2026.02.15"]
[Round "6.4"]
[White "Nguyen, Theo Duc Huu"]
[Black "Olivemark, Georg"]
[Result "1/2-1/2"]
[WhiteElo "1641"]
[BlackElo "1599"]
[WhiteFideId "1487477"]
[BlackFideId "1795058"]
[EventDate "2026.02.13"]
[EventType "swiss"]
[EventRounds "6"]
[EventCountry "DEN"]
[SourceTitle "Live v. Fredericia Chess Club"]

1. e4 e5 2. Nf3 Nc6 3. Bb5 a6 4. Ba4 d6 5. O-O Nf6 6. d3 b5 7. Bb3 Bg4 8. c3 Be7 9. h3 Bxf3 10. Qxf3 O-O 11. Be3 Na5 12. Bd1 c5 13. Qg3 Kh8 14. Nd2 Qc7 15. Rc1 d5 16. Bg5 Rfd8 17. Be2 h6 18. Bxf6 Bxf6 19. Rfd1 Bg5 20. Bf3 Bf4 21. Qg4 dxe4 22. Bxe4 Rab8 23. Qe2 g6 24. g3 Bxd2 25. Qxd2 Kg7 26. Qe3 f5 27. Bg2 c4 28. d4 e4 29. Kh2 Re8 30. Re1 Qd7 31. Qd2 1/2-1/2

[Event "Nordisk Mesterskab Ungdom U11 2026"]
[Site "Fredericia"]
[Date "2026.02.15"]
[Round "6.5"]
[White "Le, Alvin Ankaer"]
[Black "Lark, David"]
[Result "0-1"]
[WhiteElo "1527"]
[BlackElo "1563"]
[WhiteFideId "1488732"]
[BlackFideId "1790013"]
[EventDate "2026.02.13"]
[EventType "swiss"]
[EventRounds "6"]
[EventCountry "DEN"]
[SourceTitle "Live v. Fredericia Chess Club"]

1. d4 d5 2. c4 e6 3. Nf3 Nf6 4. Bg5 Be7 5. Nc3 h6 6. Bxf6 Bxf6 7. e3 O-O 8. Be2 dxc4 9. Bxc4 a6 10. O-O b5 11. Bb3 Bb7 12. Qe2 Qe7 13. Rfd1 Rd8 14. Bc2 Nd7 15. Be4 Bxe4 16. Nxe4 Rac8 17. Rac1 Nb6 18. Nc5 Ra8 19. b3 e5 20. a4 exd4 21. Kf1 dxe3 22. Rxd8+ Rxd8 23. fxe3 bxa4 24. bxa4 Re8 25. Kf2 Nd5 26. Nxa6 Nxe3 27. Ng1 Bd4 28. Nxc7 Ng4+ 29. Kf3 Qf6+ 30. Kxg4 Rxe2 31. Nxe2 h5+ 32. Kh3 Qf5+ 33. Kg3 Be5+ 34. Kh4 Qg4# 0-1

[Event "Nordisk Mesterskab Ungdom U11 2026"]
[Site "Fredericia"]
[Date "2026.02.15"]
[Round "6.6"]
[White "Danielsen, John Berg"]
[Black "Sverrisson, Dagur"]
[Result "0-1"]
[WhiteElo "1400"]
[BlackElo "1576"]
[WhiteFideId "7206712"]
[BlackFideId "2326175"]
[EventDate "2026.02.13"]
[EventType "swiss"]
[EventRounds "6"]
[EventCountry "DEN"]
[SourceTitle "Live v. Fredericia Chess Club"]

1. e4 e5 2. Nf3 Nc6 3. Bc4 Bc5 4. d3 Nf6 5. Nc3 b6 6. Be3 Bxe3 7. fxe3 Bb7 8. d4 Qe7 9. d5 Na5 10. Bd3 O-O 11. Qd2 c6 12. O-O-O cxd5 13. exd5 e4 14. Nxe4 Nxe4 15. Bxe4 Qxe4 16. Ng5 Qe5 17. h4 Nc4 18. Qd3 Qxb2# 0-1

[Event "Nordisk Mesterskab Ungdom U11 2026"]
[Site "Fredericia"]
[Date "2026.02.15"]
[Round "6.7"]
[White "Fleischer, Sofie Emilie Jilso"]
[Black "Xin, Andrew M"]
[Result "0-1"]
[WhiteElo "1400"]
[BlackElo "1680"]
[WhiteFideId "1487655"]
[BlackFideId "7205309"]
[EventDate "2026.02.13"]
[EventType "swiss"]
[EventRounds "6"]
[EventCountry "DEN"]
[SourceTitle "Live v. Fredericia Chess Club"]

1. e4 e6 2. Nc3 d5 3. d3 Bb4 4. Bd2 Nf6 5. f3 dxe4 6. fxe4 Bc5 7. Nf3 Ng4 8. Be3 Nxe3 9. Qe2 Nxf1 10. Rxf1 Nc6 11. O-O-O Nd4 12. Qf2 Nb3+ 13. Kb1 Bxf2 14. Rxf2 Nd4 15. Ne1 b5 16. Nxb5 Nxb5 17. b3 Nc3+ 18. Kb2 Qd4 19. Nf3 Nxd1+ 20. Kc1 Qxf2 21. Kxd1 Ba6 22. Kc1 Rd8 23. Kd1 Bxd3 24. Kc1 Qxc2# 0-1